Database systems : (Record no. 7354)

MARC details
000 -LEADER
fixed length control field 00712nam a22002177a 4500
003 - CONTROL NUMBER IDENTIFIER
control field OSt
005 - DATE AND TIME OF LATEST TRANSACTION
control field 20211008112938.0
008 - FIXED-LENGTH DATA ELEMENTS--GENERAL INFORMATION
fixed length control field 211008b ||||| |||| 00| 0 eng d
020 ## - INTERNATIONAL STANDARD BOOK NUMBER
International Standard Book Number 9788131720257
040 ## - CATALOGING SOURCE
Transcribing agency DDC
082 ## - DEWEY DECIMAL CLASSIFICATION NUMBER
Classification number 005.74 CON 2005
100 ## - MAIN ENTRY--PERSONAL NAME
Personal name Connolly, Thomas: Begg, Carolyn
9 (RLIN) 15070
245 ## - TITLE STATEMENT
Title Database systems :
Remainder of title A Practical Approach to Design, Implementation, and Management
250 ## - EDITION STATEMENT
Edition statement 4th ed.
260 ## - PUBLICATION, DISTRIBUTION, ETC. (IMPRINT)
Place of publication, distribution, etc. New York :
Name of publisher, distributor, etc. Addison-Wesley,
Date of publication, distribution, etc. c2005
300 ## - PHYSICAL DESCRIPTION
Extent xlix, 1236 pages :
Other physical details illustrations (some color) ;
Dimensions 24 cm
504 ## - BIBLIOGRAPHY, ETC. NOTE
Bibliography, etc Includes bibliographical references and index.
650 ## - SUBJECT ADDED ENTRY--TOPICAL TERM
Topical term or geographic name as entry element Database design.
9 (RLIN) 6791
650 ## - SUBJECT ADDED ENTRY--TOPICAL TERM
Topical term or geographic name as entry element Database management.
9 (RLIN) 508
942 ## - ADDED ENTRY ELEMENTS (KOHA)
Source of classification or shelving scheme Dewey Decimal Classification
Koha item type Book
Holdings
Withdrawn status Lost status Source of classification or shelving scheme Damaged status Not for loan Home library Current library Date acquired Source of acquisition Inventory number Total Checkouts Full call number Barcode Date last seen Price effective from Koha item type
    Dewey Decimal Classification     MUST Main Library MUST Main Library 08/10/2021 Purchase 21/41525   005.74 CON 2005 2021-1456 08/10/2021 08/10/2021 Book
    Dewey Decimal Classification     MUST Main Library MUST Main Library 08/10/2021 Purchase 21/41526   005.74 CON 2005 2021-1457 08/10/2021 08/10/2021 Book